Art in America/ (Record no. 3165)
[ view plain ]
| 000 -LEADER | |
|---|---|
| campo de control de longitud fija | 01040nam a22003017a 4500 |
| 003 - IDENTIFICADOR DE NÚMERO DE CONTROL | |
| campo de control | OSt |
| 005 - FECHA Y HORA DE LA ÚLTIMA TRANSACCIÓN | |
| campo de control | 20230309111154.0 |
| 008 - DATOS DE LONGITUD FIJA--INFORMACIÓN GENERAL | |
| campo de control de longitud fija | 221006b |||||||| |||| 00| 0 eng d |
| 040 ## - FUENTE DE CATALOGACIÓN | |
| Centro/agencia transcriptor | Biblioteca Lado V |
| 082 ## - NÚMERO DE LA CLASIFICACIÓN DECIMAL DEWEY | |
| Número de clasificación | 701.1 |
| Número de ítem | B167a |
| 100 ## - ENTRADA PRINCIPAL--NOMBRE DE PERSONA | |
| 9 (RLIN) | 783 |
| Nombre de persona | Baker, Elizabeth C. |
| Término indicativo de función/relación | editora |
| 245 ## - MENCIÓN DEL TÍTULO | |
| Título | Art in America/ |
| Resto del título | Midwest Art: A Special Report/ |
| 260 ## - PUBLICACIÓN, DISTRIBUCIÓN, ETC. | |
| Nombre del editor, distribuidor, etc. | Whitney Communications Corporation Magazine Division |
| Fecha de publicación, distribución, etc. | 1979 |
| Lugar de publicación, distribución, etc. | New York |
| 300 ## - DESCRIPCIÓN FÍSICA | |
| Dimensiones | 22x29cm |
| Extensión | 144p. |
| 366 ## - INFORMACIÓN SOBRE DISPONIBILIDAD COMERCIAL | |
| Nota | eng |
| 490 ## - MENCIÓN DE SERIE | |
| Mención de serie | Julio-Agosto |
| Designación de volumen o secuencia | 1979 |
| 505 ## - NOTA DE CONTENIDO CON FORMATO | |
| Título | Feature Articles |
| 505 ## - NOTA DE CONTENIDO CON FORMATO | |
| Título | Issues & Commentary |
| 505 ## - NOTA DE CONTENIDO CON FORMATO | |
| Título | Departments |
| 505 ## - NOTA DE CONTENIDO CON FORMATO | |
| Título | Review of Exhibitions |
| 650 ## - PUNTO DE ACCESO ADICIONAL DE MATERIA--TÉRMINO DE MATERIA | |
| Fuente del encabezamiento o término | Tesauro de Arte & Arquitectura |
| Término de materia o nombre geográfico como elemento de entrada | ARTE |
| 9 (RLIN) | 703 |
| 650 ## - PUNTO DE ACCESO ADICIONAL DE MATERIA--TÉRMINO DE MATERIA | |
| Fuente del encabezamiento o término | Tesauro de Arte & Arquitectura |
| Término de materia o nombre geográfico como elemento de entrada | CRITICA |
| 650 ## - PUNTO DE ACCESO ADICIONAL DE MATERIA--TÉRMINO DE MATERIA | |
| Fuente del encabezamiento o término | Tesauro de Arte & Arquitectura |
| Término de materia o nombre geográfico como elemento de entrada | APRECIACION |
| 650 ## - PUNTO DE ACCESO ADICIONAL DE MATERIA--TÉRMINO DE MATERIA | |
| Fuente del encabezamiento o término | Tesauro de Arte & Arquitectura |
| Término de materia o nombre geográfico como elemento de entrada | COLECCIONISMO |
| 650 ## - PUNTO DE ACCESO ADICIONAL DE MATERIA--TÉRMINO DE MATERIA | |
| Fuente del encabezamiento o término | Tesauro de Arte & Arquitectura |
| Término de materia o nombre geográfico como elemento de entrada | ARTE - USA |
| 700 ## - ENTRADA AGREGADA--NOMBRE PERSONAL | |
| Nombre de persona | Shanley, Paul |
| Término indicativo de función/relación | publicista |
| 942 ## - ELEMENTOS DE ENTRADA SECUNDARIOS (KOHA) | |
| Fuente del sistema de clasificación o colocación | Clasificación Decimal Dewey |
| Tipo de ítem Koha | Libros |
| Parte de la signatura que corresponde a la clasificación (Parte de la clasificación) | 701.1 |
| Parte de la signatura que identifica el ejemplar (Parte del ítem) | B167a |
| Suprimir en OPAC | No |
| Estatus retirado | Estado de pérdida | Fuente del sistema de clasificación o colocación | Especificación de materiales (volumen encuadernado u otra parte) | Estado de daño | No para préstamo | Colección | Biblioteca de origen | Biblioteca actual | Fecha de adquisición | Enumeración/cronología de publicación seriada | Número de inventario | Total de préstamos | Signatura topográfica completa | Código de barras | Visto por última vez | Precio de reemplazo | Tipo de ítem Koha |
|---|---|---|---|---|---|---|---|---|---|---|---|---|---|---|---|---|---|
| Clasificación Decimal Dewey | 1979 | Revistas | Biblioteca LadoV | Biblioteca LadoV | 09/03/2023 | Julio-Agosto | 002580 | 701.1 B167a | 002580 | 09/03/2023 | 09/03/2023 | Libros | |||||
| Clasificación Decimal Dewey | 1995 | Revistas | Biblioteca LadoV | Biblioteca LadoV | 09/03/2023 | Junio | 002598 | 701.1 B167a | 002598 | 09/03/2023 | 09/03/2023 | Libros | |||||
| Clasificación Decimal Dewey | 1993 | Revistas | Biblioteca LadoV | Biblioteca LadoV | 09/03/2023 | Enero | 002581 | 701.1 B167a | 002581 | 09/03/2023 | 09/03/2023 | Libros | |||||
| Clasificación Decimal Dewey | 1993 | Revistas | Biblioteca LadoV | Biblioteca LadoV | 09/03/2023 | Febrero | 002582 | 701.1 B167a | 002582 | 09/03/2023 | 09/03/2023 | Libros | |||||
| Clasificación Decimal Dewey | 1993 | Revistas | Biblioteca LadoV | Biblioteca LadoV | 09/03/2023 | Mayo | 002583 | 701.1 B167a | 002583 | 09/03/2023 | 09/03/2023 | Libros | |||||
| Clasificación Decimal Dewey | 1993 | Revistas | Biblioteca LadoV | Biblioteca LadoV | 09/03/2023 | Septiembre | 002584 | 701.1 B167a | 002584 | 09/03/2023 | 09/03/2023 | Libros | |||||
| Clasificación Decimal Dewey | 1993 | Revistas | Biblioteca LadoV | Biblioteca LadoV | 09/03/2023 | Octubre | 002585 | 701.1 B167a | 002585 | 09/03/2023 | 09/03/2023 | Libros | |||||
| Clasificación Decimal Dewey | 1993 | Revistas | Biblioteca LadoV | Biblioteca LadoV | 09/03/2023 | Noviembre | 002586 | 701.1 B167a | 002586 | 09/03/2023 | 09/03/2023 | Libros | |||||
| Clasificación Decimal Dewey | 1993 | Revistas | Biblioteca LadoV | Biblioteca LadoV | 09/03/2023 | Diciembre | 002587 | 701.1 B167a | 002587 | 09/03/2023 | 09/03/2023 | Libros | |||||
| Clasificación Decimal Dewey | 1994 | Revistas | Biblioteca LadoV | Biblioteca LadoV | 09/03/2023 | Enero | 002588 | 701.1 B167a | 002588 | 09/03/2023 | 09/03/2023 | Libros | |||||
| Clasificación Decimal Dewey | 1994 | Revistas | Biblioteca LadoV | Biblioteca LadoV | 09/03/2023 | Febrero | 002589 | 701.1 B167a | 002589 | 09/03/2023 | 09/03/2023 | Libros | |||||
| Clasificación Decimal Dewey | 1994 | Revistas | Biblioteca LadoV | Biblioteca LadoV | 09/03/2023 | Marzo | 002590 | 701.1 B167a | 002590 | 09/03/2023 | 09/03/2023 | Libros | |||||
| Clasificación Decimal Dewey | 1994 | Revistas | Biblioteca LadoV | Biblioteca LadoV | 09/03/2023 | Abril | 002591 | 701.1 B167a | 002591 | 09/03/2023 | 09/03/2023 | Libros | |||||
| Clasificación Decimal Dewey | 1994 | Revistas | Biblioteca LadoV | Biblioteca LadoV | 09/03/2023 | Mayo | 002592 | 701.1 B167a | 002592 | 09/03/2023 | 09/03/2023 | Libros | |||||
| Clasificación Decimal Dewey | 1994 | Revistas | Biblioteca LadoV | Biblioteca LadoV | 09/03/2023 | Junio | 002593 | 701.1 B167a | 002593 | 09/03/2023 | 09/03/2023 | Libros | |||||
| Clasificación Decimal Dewey | 1994 | Revistas | Biblioteca LadoV | Biblioteca LadoV | 09/03/2023 | Julio | 002594 | 701.1 B167a | 002594 | 09/03/2023 | 09/03/2023 | Libros | |||||
| Clasificación Decimal Dewey | 1994 | Revistas | Biblioteca LadoV | Biblioteca LadoV | 09/03/2023 | Septiembre | 002595 | 701.1 B167a | 002595 | 09/03/2023 | 09/03/2023 | Libros | |||||
| Clasificación Decimal Dewey | 2002 | Revistas | Biblioteca LadoV | Biblioteca LadoV | 09/03/2023 | Diciembre | 002643 | 701.1 B167a | 002643 | 09/03/2023 | 09/03/2023 | Libros | |||||
| Clasificación Decimal Dewey | 2001 | Revistas | Biblioteca LadoV | Biblioteca LadoV | 09/03/2023 | Enero | 002614 | 701.1 B167a | 002614 | 09/03/2023 | 09/03/2023 | Libros | |||||
| Clasificación Decimal Dewey | 2001 | Revistas | Biblioteca LadoV | Biblioteca LadoV | 09/03/2023 | Febrero | 002616 | 701.1 B167a | 002616 | 09/03/2023 | 09/03/2023 | Libros | |||||
| Clasificación Decimal Dewey | 2001 | Revistas | Biblioteca LadoV | Biblioteca LadoV | 09/03/2023 | Marzo | 002618 | 701.1 B167a | 002618 | 09/03/2023 | 09/03/2023 | Libros | |||||
| Clasificación Decimal Dewey | 2002 | Revistas | Biblioteca LadoV | Biblioteca LadoV | 09/03/2023 | Octubre | 002641 | 701.1 B167a | 002641 | 09/03/2023 | 09/03/2023 | Libros | |||||
| Clasificación Decimal Dewey | 2002 | Revistas | Biblioteca LadoV | Biblioteca LadoV | 09/03/2023 | Septiembre | 002640 | 701.1 B167a | 002640 | 09/03/2023 | 09/03/2023 | Libros | |||||
| Clasificación Decimal Dewey | 2002 | Revistas | Biblioteca LadoV | Biblioteca LadoV | 09/03/2023 | Julio | 002638 | 701.1 B167a | 002638 | 09/03/2023 | 09/03/2023 | Libros | |||||
| Clasificación Decimal Dewey | 2002 | Revistas | Biblioteca LadoV | Biblioteca LadoV | 09/03/2023 | Mayo | 002636 | 701.1 B167a | 002636 | 09/03/2023 | 09/03/2023 | Libros | |||||
| Clasificación Decimal Dewey | 2002 | Revistas | Biblioteca LadoV | Biblioteca LadoV | 09/03/2023 | Abril | 002635 | 701.1 B167a | 002635 | 09/03/2023 | 09/03/2023 | Libros | |||||
| Clasificación Decimal Dewey | 2002 | Revistas | Biblioteca LadoV | Biblioteca LadoV | 09/03/2023 | Marzo | 002634 | 701.1 B167a | 002634 | 09/03/2023 | 09/03/2023 | Libros | |||||
| Clasificación Decimal Dewey | 2001 | Revistas | Biblioteca LadoV | Biblioteca LadoV | 09/03/2023 | Diciembre | 002631 | 701.1 B167a | 002631 | 09/03/2023 | 09/03/2023 | Libros | |||||
| Clasificación Decimal Dewey | 2001 | Revistas | Biblioteca LadoV | Biblioteca LadoV | 09/03/2023 | Octubre | 002629 | 701.1 B167a | 002629 | 09/03/2023 | 09/03/2023 | Libros | |||||
| Clasificación Decimal Dewey | 2001 | Revistas | Biblioteca LadoV | Biblioteca LadoV | 09/03/2023 | Septiembre | 002627 | 701.1 B167a | 002627 | 09/03/2023 | 09/03/2023 | Libros | |||||
| Clasificación Decimal Dewey | 2008 | Revistas | Biblioteca LadoV | Biblioteca LadoV | 15/03/2023 | Mayo | 002678 | 701.1 B167a | 002678 | 15/03/2023 | 15/03/2023 | Libros | |||||
| Clasificación Decimal Dewey | 2004 | Revistas | Biblioteca LadoV | Biblioteca LadoV | 15/03/2023 | Mayo | 002650 | 701.1 B167a | 002650 | 15/03/2023 | 15/03/2023 | Libros | |||||
| Clasificación Decimal Dewey | 1999 | Revistas | Biblioteca LadoV | Biblioteca LadoV | 15/03/2023 | Mayo | 002604 | 701.1 B167a | 002604 | 15/03/2023 | 15/03/2023 | Libros | |||||
| Clasificación Decimal Dewey | 1997 | Revistas | Biblioteca LadoV | Biblioteca LadoV | 15/03/2023 | Abril | 002602 | 701.1 B167a | 002602 | 15/03/2023 | 15/03/2023 | Libros | |||||
| Clasificación Decimal Dewey | 1999 | Revistas | Biblioteca LadoV | Biblioteca LadoV | 15/03/2023 | Abril | 002603 | 701.1 B167a | 002603 | 15/03/2023 | 15/03/2023 | Libros | |||||
| Clasificación Decimal Dewey | 1996 | Revistas | Biblioteca LadoV | Biblioteca LadoV | 15/03/2023 | Julio | 002599 | 701.1 B167a | 002599 | 15/03/2023 | 15/03/2023 | Libros | |||||
| Clasificación Decimal Dewey | 2004 | Revistas | Biblioteca LadoV | Biblioteca LadoV | 15/03/2023 | Noviembre | 002655 | 701.1 B167a | 002655 | 15/03/2023 | 15/03/2023 | Libros | |||||
| Clasificación Decimal Dewey | 2005 | Revistas | Biblioteca LadoV | Biblioteca LadoV | 15/03/2023 | Abril | 002660 | 701.1 B167a | 002660 | 15/03/2023 | 15/03/2023 | Libros | |||||
| Clasificación Decimal Dewey | 2006 | Revistas | Biblioteca LadoV | Biblioteca LadoV | 15/03/2023 | Febrero | 002667 | 701.1 B167a | 002667 | 15/03/2023 | 15/03/2023 | Libros | |||||
| Clasificación Decimal Dewey | 2008 | Revistas | Biblioteca LadoV | Biblioteca LadoV | 15/03/2023 | Marzo | 002677 | 701.1 B167a | 002677 | 15/03/2023 | 15/03/2023 | Libros |
